UM Logo
Normal view MARC view
  • Passion, D.S.

Entry Personal Name

Number of records used in: 1

001 - CONTROL NUMBER

  • control field: 42532

003 - CONTROL NUMBER IDENTIFIER

  • control field: OSt

005 - DATE AND TIME OF LATEST TRANSACTION

  • control field: 20201111140757.0

008 - FIXED-LENGTH DATA ELEMENTS

  • fixed length control field: 201111|| aca||aabn | a|a d

040 ## - CATALOGING SOURCE

  • Original cataloging agency: OSt
  • Transcribing agency: OSt

100 ## - HEADING--PERSONAL NAME

  • Personal name: Passion, D.S.

670 ## - SOURCE DATA FOUND

  • Source citation: Work cat.: (OSt): Passion, D.S. , Intermediate accounting: , ©1981.